000 00474nam a2200169 i 4500
001 26653
003 ES-MaACL
005 20250702063037.0
007 t|
008 030110s1972 sp ||||1| spa d
100 1 _aAsturias, Miguel Ángel,
_d1899-1974
_923701
245 1 0 _aHombres de maíz /
_cMiguel Angel Asturias.
260 _aMadrid :
_bAlianza,
_c[1972]
300 _a367 p. ;
_c18 cm.
852 _aES-MaACL
_jC-45465
_bR.83701
999 _c26653
_d26653